00874nam a22001695i 4500001000700000003000900007005001700016008004100033040002000074110008100094245016500175260007000340300003500410610009100445700003500536852013300571156010ES-MaACL20230906210306.0040826s1899 sp |||| | spa d aCAM bspa cCAM2 aInstituto Provincial de Segunda Enseñanza de Guipúzcoa (San Sebastián)10aMemoria acerca del estado del Instituto Provincia de Segunda Enseñanza de Guipúzcoa durante el curso de 1897 á 1898 / cpor Marcelo Llorente y Sánchez. aSan Sebastián : b[s.n.], c1899 (fImp. de J. Baroja é Hijo) a74 p., [1] h. pleg. ; c23 cm.24aInstituto Provincial de Segunda Enseñanza de Guipuzcoa (San Sebastián)-vMemorias.0 aLlorente y Sánchez, Marcelo. aES-MaACLjT-867-F-13 z-- Enc. hol., conservando la cub. original z-- An. ms.: donativo del autor z-- Enc. en un vol. facticio